Prezydenci Polski na zdjęciach - Nagła Śmierć - Statystyki

Ogólne statystyki
  • Ten quiz został rozwiązany 110 razy
    70 od ostatniego zresetowania
  • Średni wynik to 6 z 11
Answers on the Grid
Answers color-coded by a green-red scale on the quiz's grid according to % correct below.
 
Statystyki odpowiedzi
Odpowiedź % Poprawnych
Andrzej Duda
88%
Wojciech Jaruzelski
79%
Lech Wałęsa
75%
Lech Kaczyński
75%
Bronisław Komorowski
71%
Aleksander Kwaśniewski
67%
Karol Nawrocki
54%
Bolesław Bierut
42%
Ignacy Mościcki
33%
Gabriel Narutowicz
25%
Stanisław Wojciechowski
25%
Nie znaleziono quizów pasujących do podanych kryteriów
Rozkład punktacji
Procent ludzi z każdym wynikiem
Percentyl według liczby udzielonych odpowiedzi
Twoja historia wyników
Nie rozwiązałeś tego quizu od ostatniego zresetowania